000 01034cam a2200289 a 4500
001 1636258
003 SISC
005 20160401142206.0
008 961204s1998 maua b 001 0 eng
010 _a 96038054
020 _a0205266924 (pbk.)
040 _aDLC
_cDLC
_dDLC
050 0 0 _aLB 1047.3
_b.B74 1998
082 0 0 _aHS 371.30281
_bB74 1998
100 1 _aBranscomb, H. Eric.
_912253
245 1 0 _aCasting your net :
_ba student's guide to research on the Internet /
_cH. Eric Branscomb.
260 _aBoston, Mass. :
_bAllyn and Bacon,
_cc1998.
300 _a175 p. :
_bill. ;
_c23 cm.
500 _aIncludes bibliographical references and index.
650 0 _aReport writing
_xComputer network resources.
_912254
650 0 _aResearch
_xComputer network resources.
_912255
650 0 _aInternet in education.
_912256
906 _a7
_bcbc
_corignew
_d1
_eocip
_f19
_gy-gencatlg
942 _2lcc
_cBK
999 _c9043
_d9043